| 000 | 00919nmm a2200253 a 4500 | ||
|---|---|---|---|
| 001 | ocm000703732 | ||
| 003 | TR-IsHL | ||
| 005 | 20201028141804.0 | ||
| 008 | 131226s1985 tu tur | ||
| 007 | cr cn | ||
| 035 |
_a703732 _b(N$T) |
||
| 050 | 0 | 4 |
_aHD8614 _b.E53 1985 |
| 090 | 0 | 4 |
_aHD8614 _b.E53 1985 |
| 245 | 1 | 0 |
_aEndüstriyel ilişkiler 1984 yıllığı _h[electronic resource] / _chaz. Taner Karahasanoğlu |
| 260 |
_aİstanbul : _bKutyay Eğitim Yayın, Araştırma Merkezi Yayınları, _c1985 |
||
| 300 | _a656 p. | ||
| 650 | 4 | _aİşletme ve Yönetim | |
| 650 | 4 | _aBusiness and Management | |
| 650 | 0 |
_aEndüstriyel ilişkiler _x Türkiye |
|
| 650 | 0 |
_aIndustrial relations _x Turkey |
|
| 650 | 7 |
_aPOLITICAL SCIENCE / Labor & Industrial Relations _2bisacsh |
|
| 700 | 1 | _aKarahasanoğlu, Taner | |
| 856 | 4 | 0 | _uhttp://search.ebscohost.com/login.aspx?direct=true&scope=site&db=e011xww&AN=703732 |
| 999 |
_c8004 _d8004 |
||